书目信息 |
| 题名: |
计算机组装、设置与组网教程
|
|
| 作者: | 毕然 编著 | |
| 分册: | ||
| 出版信息: | 北京 冶金工业出版社 2003.8 |
|
| 页数: | 262页 | |
| 开本: | 16开 | |
| 丛书名: | ||
| 单 册: | ||
| 中图分类: | TP303 | |
| 科图分类: | ||
| 主题词: | 计算技术 , 电子计算机 | |
| 电子资源: | ||
| ISBN: | 7-5024-3325-2 | |
| 000 | 00562nam0 2200205 45 | |
| 001 | RLK6522144 | |
| 005 | 20080305100418.54 | |
| 010 | @a7-5024-3325-2@b平装@d28.00CNY | |
| 100 | @a20030913d2003 kmey0chiy0121 ea | |
| 101 | 0 | @achi |
| 200 | 1 | @a计算机组装、设置与组网教程@f毕然编著@Fbi ran bian zhu |
| 210 | @a北京@c冶金工业出版社@d2003.8 | |
| 215 | @a262页@d16开 | |
| 606 | 0 | @a计算技术 |
| 606 | 0 | @a电子计算机 |
| 690 | @aTP303@v4 | |
| 701 | 0 | @a毕然@Abi ran@4编著 |
| 801 | 0 | @aCNc20030913@c20080305 |
| 905 | @b558-559@dTP303@eB764@v4 | |
| 906 | @dCNY25.00@n2@r1 | |
| 计算机组装、设置与组网教程/毕然编著.-北京:冶金工业出版社,2003.8 |
| 262页;16开 |
| ISBN 7-5024-3325-2(平装):28.00CNY |
| ● |
| 相关链接 |
|
|
|
正题名:计算机组装、设置与组网教程
索取号:TP303/B764
 
预约/预借
| 序号 | 登录号 | 条形码 | 馆藏地/架位号 | 状态 | 备注 |
| 1 | 376453 | 203764532 | 期刊室512/301自科库 99排4列4层/ [索取号:TP303/B764] | 在馆 | |
| 2 | 376454 | 203764541 | 期刊室512/301自科库 99排4列4层/ [索取号:TP303/B764] | 在馆 | |
| 3 | 479319 | 204793198 | 期刊室512/ [索取号:TP303/B764] | 在馆 | |
| 4 | 538818 | 205388187 | 自科二线504/504自科库 7排1列5层/ [索取号:TP303/B764] | 在馆 | |
| 5 | 538819 | 205388196 | 自科二线504/504自科库 7排1列4层/ [索取号:TP303/B764] | 在馆 |